Precision agriculture

Precision Agriculture covers in detail: spatial data for recordkeeping, spatial analysis in decision making, and modeling prescription maps for variable rate applications. It also provides an overview of precision agriculture concepts and the tools of precision farming systems. This text takes the i...

Cur síos iomlán

Đã lưu trong:
Sonraí Bibleagrafaíochta
Príomhúdar: Brase, Terry A.
Formáid: Leabhar
Teanga:Undetermined
Foilsithe: Clifton Park, NY Thomson/Delmar Learning 2006
Ábhair:
Clibeanna: Cuir Clib Leis
Gan Chlibeanna, Bí ar an gcéad duine leis an taifead seo a chlibeáil!
Thư viện lưu trữ: Trung tâm Học liệu Trường Đại học Cần Thơ
LEADER 01011nam a2200217Ia 4500
001 CTU_197429
008 210402s9999 xx 000 0 und d
020 |c 1082000 
082 |a 630.15118 
082 |b B823 
100 |a Brase, Terry A. 
245 0 |a Precision agriculture 
245 0 |c Terry A. Brase 
260 |a Clifton Park, NY 
260 |b Thomson/Delmar Learning 
260 |c 2006 
520 |a Precision Agriculture covers in detail: spatial data for recordkeeping, spatial analysis in decision making, and modeling prescription maps for variable rate applications. It also provides an overview of precision agriculture concepts and the tools of precision farming systems. This text takes the important and difficult aspect of precision agriculture and puts it into an understandable and teachable format. 
650 |a Agriculture,Nông nghiệp 
650 |x Mathematical models,Mô hình toán học 
904 |i Bằng 
980 |a Trung tâm Học liệu Trường Đại học Cần Thơ